<?xml version="1.0" encoding="UTF-8"?>
<collection xmlns="http://www.loc.gov/MARC21/slim">
 <record>
  <leader>02131nma a2200349   4500</leader>
  <controlfield tag="001">1/47468</controlfield>
  <controlfield tag="008">171009t2016    gr         ca       gre d</controlfield>
  <datafield tag="035" ind1=" " ind2=" ">
   <subfield code="l">50450</subfield>
  </datafield>
  <datafield tag="040" ind1=" " ind2=" ">
   <subfield code="a">GR-PeUP</subfield>
  </datafield>
  <datafield tag="082" ind1="0" ind2="0">
   <subfield code="a">DVD-ROM 330 ΜΑΥ</subfield>
  </datafield>
  <datafield tag="100" ind1="1" ind2=" ">
   <subfield code="a">Μαυρίκος, Ηλίας.</subfield>
  </datafield>
  <datafield tag="245" ind1="1" ind2="0">
   <subfield code="a">Προοπτικές και προκλήσεις για την παγκόσμια οικονομία :</subfield>
   <subfield code="b">ΚΕΠΕ, 6 Ιουνίου 2016 :</subfield>
   <subfield code="h">[computer file] /</subfield>
   <subfield code="c">Ηλίας Μαυρίκος.</subfield>
  </datafield>
  <datafield tag="260" ind1="0" ind2=" ">
   <subfield code="a">Αθήνα :</subfield>
   <subfield code="b">ΔΙ.Ο.ΒΙ.,</subfield>
   <subfield code="c">2016.</subfield>
  </datafield>
  <datafield tag="300" ind1=" " ind2=" ">
   <subfield code="a">1 ψηφιακός δίσκος λέιζερ Η/Υ ;</subfield>
   <subfield code="c">4 3/4 ίν.</subfield>
  </datafield>
  <datafield tag="490" ind1="1" ind2=" ">
   <subfield code="a">Κύκλος Διαλέξεων Οικονομικού Περιεχομένου για Βιβλιοθήκες του ΔΙ.Ο.ΒΙ. ;</subfield>
  </datafield>
  <datafield tag="500" ind1=" " ind2=" ">
   <subfield code="a">Από τον ιστότοπο του ΔΙ.Ο.ΒΙ.: &quot;3η ΘΕ: Διεθνές Περιβάλλον&quot;.</subfield>
  </datafield>
  <datafield tag="500" ind1=" " ind2=" ">
   <subfield code="a">Το βίντεο της διάλεξης στο Youtube αποτελείται από πέντε μέρη.</subfield>
  </datafield>
  <datafield tag="500" ind1=" " ind2=" ">
   <subfield code="a">Η διάλεξη στην ελληνική γλώσσα.</subfield>
  </datafield>
  <datafield tag="516" ind1=" " ind2=" ">
   <subfield code="a">Αρχεία βίντεο (VOB).</subfield>
  </datafield>
  <datafield tag="650" ind1=" " ind2="4">
   <subfield code="a">DVD-ROMs.</subfield>
  </datafield>
  <datafield tag="650" ind1=" " ind2="4">
   <subfield code="a">Οικονομική</subfield>
   <subfield code="x">Λόγοι, δοκίμια, διαλέξεις.</subfield>
  </datafield>
  <datafield tag="650" ind1=" " ind2="4">
   <subfield code="a">Παγκόσμια οικονομία.</subfield>
  </datafield>
  <datafield tag="650" ind1=" " ind2="4">
   <subfield code="a">Διεθνής oικονομική.</subfield>
  </datafield>
  <datafield tag="710" ind1="2" ind2=" ">
   <subfield code="a">Δίκτυο Οικονομικών Βιβλιοθηκών.</subfield>
  </datafield>
  <datafield tag="830" ind1=" " ind2=" ">
   <subfield code="a">Κύκλος Διαλέξεων Οικονομικού Περιεχομένου για Βιβλιοθήκες του ΔΙ.Ο.ΒΙ ;</subfield>
   <subfield code="v">A'.</subfield>
  </datafield>
  <datafield tag="852" ind1=" " ind2=" ">
   <subfield code="a">INST</subfield>
   <subfield code="b">UNIPILB</subfield>
   <subfield code="c">MMEDIA</subfield>
   <subfield code="e">20171009</subfield>
   <subfield code="h">DVD-ROM 330 ΜΑΥ</subfield>
   <subfield code="p">00178541</subfield>
   <subfield code="q">00178541</subfield>
   <subfield code="t">NOLOAN</subfield>
   <subfield code="y">23</subfield>
   <subfield code="4">1</subfield>
  </datafield>
  <datafield tag="856" ind1="4" ind2="1">
   <subfield code="u">https://www.youtube.com/watch?v=_1Ymho72CUM ,</subfield>
   <subfield code="z">part 1.</subfield>
  </datafield>
  <datafield tag="856" ind1="4" ind2="1">
   <subfield code="u">https://www.youtube.com/watch?v=U8JqzydsQPA ,</subfield>
   <subfield code="z">part 2.</subfield>
  </datafield>
  <datafield tag="856" ind1="4" ind2="1">
   <subfield code="u">https://www.youtube.com/watch?v=9J1pdOsOIY0 ,</subfield>
   <subfield code="z">part 3.</subfield>
  </datafield>
  <datafield tag="856" ind1="4" ind2="1">
   <subfield code="u">https://www.youtube.com/watch?v=-LBcoP7t94M ,</subfield>
   <subfield code="z">part 4.</subfield>
  </datafield>
  <datafield tag="856" ind1="4" ind2="1">
   <subfield code="u">https://www.youtube.com/watch?v=srz_MmS3G4E&amp;t=2s ,</subfield>
   <subfield code="z">part 5.</subfield>
  </datafield>
  <datafield tag="856" ind1="4" ind2="1">
   <subfield code="u">http://diovi.lib.unipi.gr/</subfield>
  </datafield>
 </record>
</collection>
